| 000 | 00358nam a2200145Ia 4500 | ||
|---|---|---|---|
| 008 | 230312s9999||||xx |||||||||||||| ||und|| | ||
| 082 |
_a653 _bLES |
||
| 100 | _aLouis A. Leslie, Charles E. Zoubek | ||
| 245 | 0 | _aShorthand Simplified | |
| 260 |
_bMcGraw Hill _aNew York _c1958 |
||
| 300 | _a384 | ||
| 546 | _aEng. | ||
| 650 | _aManagement | ||
| 942 | _cBK | ||
| 999 |
_c1277 _d1277 |
||